00951nam a2200277Ia 450000500170000000800410001702000150005804100080007310000290008124501180011025000220022826400380025030000410028833600270032933700330035633800280038949000230041765000270044065000300046765000270049765000240052470000310054870000480057904000350062708400110066220220316235212.0121119s2001 sp a gr 000 0 spa  a84376054821 aspa1 aRacine, Jean,d1639-169910aAndrómaca, FedracJean Racine ; edición de Emilio Náñez ; traducción de Ma. Dolores Fernández Lladó aPrimera edición 1aMadridbEdiciones Cátedrac2001 a224 páginasbilustracionesc18 cm. atextobtxt2rdacontent asin mediaciónbn2rdamedia avolumenbnc2rdacarrier0 aLetras universales142LEMBaTeatro francés142LEMBaActuación teatral142LEMBaTeatro clásico142LEMBaAmor vTeatro1 aNáñez, Emilio eeditor1 aFernández Lladó, Ma. Doloresetraductor aCO-BoRNBPbspaerdacCO-BoRNBP aT RAC1